|
|
|
|
| LEADER |
01129Cam#a2200301#a#4500 |
| 001 |
026924 |
| 005 |
20160707161453.0 |
| 008 |
141113s2011||||xx # f#b #000|0#spa#d |
| 040 |
|
|
|a AR-BeUNQ
|b spa
|
| 082 |
0 |
4 |
|a 615.8515
|2 21
|
| 100 |
1 |
|
|a Fernández, Ezequiel.
|
| 245 |
0 |
2 |
|a Trabajo práctico final :
|b After Thomas /
|c alumnos, Ezequiel Fernández, Norali Piscopo, Carolina Verdinelli ; profesora, Susana Haddad.
|
| 260 |
|
|
|a
|c 2011.
|
| 300 |
|
|
|a 12 h. ;
|c 31 cm.
|
| 500 |
|
|
|a Trabajo práctico presentado para la materia Pedagogía Especial, Universidad Nacional de Quilmes, 2008.
|
| 500 |
|
|
|a Docente: Susana Haddad.
|
| 504 |
|
|
|a Incluye bibliografía.
|
| 505 |
0 |
|
|a Análisis de la película "After Thomas"
|
| 942 |
|
|
|c TP
|n 0
|
| 650 |
|
7 |
|a Trabajos prácticos
|2 toit
|
| 650 |
|
7 |
|a Películas (Cinematografía)
|2 spines
|
| 650 |
|
7 |
|a Terapia ocupacional
|2 toit
|
| 650 |
|
7 |
|a Pedagogía
|2 spines
|
| 650 |
|
7 |
|a Autismo
|2 spines
|
| 700 |
1 |
|
|a Piscopo, Norali,
|e aut.
|4 aut
|
| 700 |
1 |
|
|a Verdinelli, Carolina,
|e aut.
|4 aut
|
| 929 |
|
|
|a DONACION
|b Ezequiel Fernández
|d 0,00
|e 20141009
|g 2660 Exp. 827-0387/98
|j 52205
|
| 999 |
|
|
|c 1594
|d 76981
|